kakegurui quizz - Statistics

General Stats
  • This quiz has been taken 213 times
  • The average score is 6 of 8
Answer Stats
Hint Answer % Correct
mysterious transfer student to Hyakkaou Private Academy yumeko jabami
99%
student in Yumeko and Ryota's class who begins the series as one of the school's top gamblers mary saotome
92%
a very poor gambler, he is the class president at the beginning of the series ryota suzui
80%
the Student Council President kirari momobami
71%
eyepatch midari ikishima
70%
likes video games and candy runa yomozuki
66%
the daughter of a toy company CEO itsuki sumeragi
56%
the secretary of the Student Council sayaka igarashi
52%
No matching quizzes found
Score Distribution
Percent of People with Each Score
Percentile by Number Answered
Your Score History
You have not taken this quiz